000 00689nam a22002537a 4500
008 130624b xxu||||| |||| 00| 0 eng d
020 _a81-7319-668-0
024 _cAvailable
037 _cAvailable
040 _aMBSTU LIBRARY
_dMBSTU LIBRARY
082 _222
_a512.7 LUS
100 _aLuther, I.S.
245 _aSets, functions and numbers.
260 _aNew Delhi
_bNarosa Publishing House
_c2005
300 _a24 cm.
_bix, 339 page
_f10
_g24 cm.
600 _2Numbers.
610 _aSets.
650 _2Numbers.
700 _aLuther, I.S.
270 _aNew Delhi
_bNew Delhi
_dIndia
365 _b406.00
_d406.00
942 _2ddc
_cBK
999 _c533
_d533